Les 8 planètes du système solaire - Statistiques

Statistiques générales
  • Ce quiz a été pris 194 fois
  • Le résultat moyen est 7 sur 8
Statistiques - réponses
planète % Correct
Mars
99%
Terre
96%
Saturne
92%
Uranus
91%
Jupiter
90%
Mercure
88%
Vénus
88%
Neptune
84%
Aucun quiz correspondant
Distribution des résultats
% des personnes avec chaque résultat
Percentile par nombre de réponses
Votre historique - résultats
Vous n’avez pas pris ce quiz